<?xml version="1.0" encoding="UTF-8"?>
<record
    xmlns:xsi="http://www.w3.org/2001/XMLSchema-instance"
    xsi:schemaLocation="http://www.loc.gov/MARC21/slim http://www.loc.gov/standards/marcxml/schema/MARC21slim.xsd"
    xmlns="http://www.loc.gov/MARC21/slim">

  <leader>01813nam0a2200313   4500</leader>
  <controlfield tag="001">RU\NLR\bibl\381877</controlfield>
  <controlfield tag="005">20260406120955.0</controlfield>
  <datafield tag="035" ind1=" " ind2=" ">
    <subfield code="a">(NLR Aleph) 000376280</subfield>
  </datafield>
  <datafield tag="090" ind1=" " ind2=" ">
    <subfield code="a">427162</subfield>
    <subfield code="c">427162</subfield>
  </datafield>
  <datafield tag="100" ind1=" " ind2=" ">
    <subfield code="a">20030327d2003    |||y0rusy50      ca</subfield>
  </datafield>
  <datafield tag="101" ind1="0" ind2=" ">
    <subfield code="a">rus</subfield>
  </datafield>
  <datafield tag="102" ind1=" " ind2=" ">
    <subfield code="a">RU</subfield>
  </datafield>
  <datafield tag="105" ind1=" " ind2=" ">
    <subfield code="a">y   |||||||||</subfield>
  </datafield>
  <datafield tag="200" ind1="1" ind2=" ">
    <subfield code="a">&#x41F;&#x43E;&#x43A;&#x430;&#x437;&#x430;&#x442;&#x435;&#x43B;&#x438; &#x434;&#x435;&#x44F;&#x442;&#x435;&#x43B;&#x44C;&#x43D;&#x43E;&#x441;&#x442;&#x438; &#x43E;&#x43D;&#x43A;&#x43E;&#x43B;&#x43E;&#x433;&#x438;&#x447;&#x435;&#x441;&#x43A;&#x43E;&#x439; &#x441;&#x43B;&#x443;&#x436;&#x431;&#x44B; &#x43F;&#x43E; &#x421;&#x430;&#x43D;&#x43A;&#x442;-&#x41F;&#x435;&#x442;&#x435;&#x440;&#x431;&#x443;&#x440;&#x433;&#x443; &#x438; &#x440;&#x430;&#x439;&#x43E;&#x43D;&#x430;&#x43C; &#x433;&#x43E;&#x440;&#x43E;&#x434;&#x430; &#x432; 2002 &#x433;&#x43E;&#x434;&#x443;</subfield>
    <subfield code="e">(&#x41A;&#x440;&#x430;&#x442;. &#x43E;&#x431;&#x437;&#x43E;&#x440; &#x43E;&#x43F;&#x435;&#x440;&#x430;&#x442;&#x438;&#x432;. &#x43E;&#x442;&#x447;&#x435;&#x442;&#x43D;&#x43E;&#x441;&#x442;&#x438;)</subfield>
    <subfield code="f">&#x41C;-&#x432;&#x43E; &#x437;&#x434;&#x440;&#x430;&#x432;&#x43E;&#x43E;&#x445;&#x440;&#x430;&#x43D;&#x435;&#x43D;&#x438;&#x44F; &#x420;&#x43E;&#x441;. &#x424;&#x435;&#x434;&#x435;&#x440;&#x430;&#x446;&#x438;&#x438; &#x438; &#x434;&#x440;.</subfield>
    <subfield code="g">&#x41F;&#x43E;&#x434; &#x440;&#x435;&#x434;. &#x43F;&#x440;&#x43E;&#x444;. &#x412;.&#x41C;. &#x41C;&#x435;&#x440;&#x430;&#x431;&#x438;&#x448;&#x432;&#x438;&#x43B;&#x438;</subfield>
  </datafield>
  <datafield tag="210" ind1=" " ind2=" ">
    <subfield code="a">&#x421;&#x41F;&#x431;.</subfield>
    <subfield code="c">&#x411;.&#x438;.</subfield>
    <subfield code="d">2003</subfield>
  </datafield>
  <datafield tag="215" ind1=" " ind2=" ">
    <subfield code="a">52 &#x441;.</subfield>
    <subfield code="d">21</subfield>
  </datafield>
  <datafield tag="300" ind1=" " ind2=" ">
    <subfield code="a">&#x412; &#x43D;&#x430;&#x434;&#x437;&#x430;&#x433;. &#x442;&#x430;&#x43A;&#x436;&#x435;: &#x41A;&#x43E;&#x43C;. &#x43F;&#x43E; &#x437;&#x434;&#x440;&#x430;&#x432;&#x43E;&#x43E;&#x445;&#x440;&#x430;&#x43D;&#x435;&#x43D;&#x438;&#x44E; &#x410;&#x434;&#x43C;&#x438;&#x43D;&#x438;&#x441;&#x442;&#x440;&#x430;&#x446;&#x438;&#x438; &#x421;&#x430;&#x43D;&#x43A;&#x442;-&#x41F;&#x435;&#x442;&#x435;&#x440;&#x431;&#x443;&#x440;&#x433;&#x430;, &#x41C;&#x435;&#x434;. &#x438;&#x43D;&#x444;&#x43E;&#x440;&#x43C;.-&#x430;&#x43D;&#x430;&#x43B;&#x438;&#x442;. &#x446;&#x435;&#x43D;&#x442;&#x440;, &#x41F;&#x43E;&#x43F;&#x443;&#x43B;&#x44F;&#x446;. &#x440;&#x430;&#x43A;&#x43E;&#x432;&#x44B;&#x439; &#x440;&#x435;&#x433;&#x438;&#x441;&#x442;&#x440;, &#x41D;&#x418;&#x418; &#x43E;&#x43D;&#x43A;&#x43E;&#x43B;&#x43E;&#x433;&#x438;&#x438; &#x438;&#x43C;. &#x43F;&#x440;&#x43E;&#x444;. &#x41D;.&#x41D;. &#x41F;&#x435;&#x442;&#x440;&#x43E;&#x432;&#x430;</subfield>
  </datafield>
  <datafield tag="300" ind1=" " ind2=" ">
    <subfield code="a">&#x41D;&#x430; &#x43E;&#x431;&#x43B;.: &#x41F;&#x43E;&#x441;&#x432;&#x44F;&#x449;. 10-&#x43B;&#x435;&#x442;&#x438;&#x44E; &#x41F;&#x43E;&#x43F;&#x443;&#x43B;&#x44F;&#x446;. &#x440;&#x430;&#x43A;&#x43E;&#x432;&#x43E;&#x433;&#x43E; &#x440;&#x435;&#x433;&#x438;&#x441;&#x442;&#x440;&#x430; &#x421;&#x430;&#x43D;&#x43A;&#x442;-&#x41F;&#x435;&#x442;&#x435;&#x440;&#x431;&#x443;&#x440;&#x433;&#x430;</subfield>
  </datafield>
  <datafield tag="320" ind1=" " ind2=" ">
    <subfield code="a">&#x411;&#x438;&#x431;&#x43B;&#x438;&#x43E;&#x433;&#x440;.: &#x441;. 50-51</subfield>
  </datafield>
  <datafield tag="606" ind1="1" ind2=" ">
    <subfield code="a">&#x41E;&#x43D;&#x43A;&#x43E;&#x43B;&#x43E;&#x433;&#x438;&#x447;&#x435;&#x441;&#x43A;&#x430;&#x44F; &#x43F;&#x43E;&#x43C;&#x43E;&#x449;&#x44C;</subfield>
    <subfield code="y">&#x421;&#x430;&#x43D;&#x43A;&#x442;-&#x41F;&#x435;&#x442;&#x435;&#x440;&#x431;&#x443;&#x440;&#x433;, &#x433;&#x43E;&#x440;&#x43E;&#x434;</subfield>
    <subfield code="9">2366336</subfield>
    <subfield code="3">RU\NLR\AUTH\661412706</subfield>
  </datafield>
  <datafield tag="686" ind1=" " ind2=" ">
    <subfield code="a">&#x420;11(2)285.6&#x44F;28</subfield>
  </datafield>
  <datafield tag="702" ind1=" " ind2="1">
    <subfield code="4">340</subfield>
    <subfield code="8">rus</subfield>
    <subfield code="7">ca</subfield>
    <subfield code="a">&#x41C;&#x435;&#x440;&#x430;&#x431;&#x438;&#x448;&#x432;&#x438;&#x43B;&#x438;</subfield>
    <subfield code="b">&#x412;. &#x41C;.</subfield>
    <subfield code="f">1941-</subfield>
    <subfield code="g">&#x412;&#x430;&#x445;&#x442;&#x430;&#x43D;&#x433; &#x41C;&#x438;&#x445;&#x430;&#x439;&#x43B;&#x43E;&#x432;&#x438;&#x447;</subfield>
    <subfield code="3">RU\NLR\AUTH\7741232</subfield>
    <subfield code="9">24182</subfield>
  </datafield>
  <datafield tag="712" ind1="0" ind2="2">
    <subfield code="a">&#x41F;&#x43E;&#x43F;&#x443;&#x43B;&#x44F;&#x446;&#x438;&#x43E;&#x43D;&#x43D;&#x44B;&#x439; &#x440;&#x430;&#x43A;&#x43E;&#x432;&#x44B;&#x439; &#x440;&#x435;&#x433;&#x438;&#x441;&#x442;&#x440;</subfield>
    <subfield code="c">&#x421;&#x430;&#x43D;&#x43A;&#x442;-&#x41F;&#x435;&#x442;&#x435;&#x440;&#x431;&#x443;&#x440;&#x433;</subfield>
    <subfield code="3">RU\NLR\AUTH\8813499</subfield>
    <subfield code="9">300001</subfield>
  </datafield>
  <datafield tag="801" ind1=" " ind2="0">
    <subfield code="a">RU</subfield>
    <subfield code="b">NLR</subfield>
    <subfield code="c">20030327</subfield>
    <subfield code="g">PSBO</subfield>
  </datafield>
  <datafield tag="801" ind1=" " ind2="1">
    <subfield code="a">RU</subfield>
    <subfield code="b">NLR</subfield>
    <subfield code="c">20030327</subfield>
  </datafield>
  <datafield tag="942" ind1=" " ind2=" ">
    <subfield code="c">BOOK</subfield>
  </datafield>
  <datafield tag="980" ind1=" " ind2=" ">
    <subfield code="a">NB</subfield>
  </datafield>
  <datafield tag="995" ind1=" " ind2=" ">
    <subfield code="5">2003-03-27</subfield>
    <subfield code="a">ab</subfield>
    <subfield code="b">NLR01</subfield>
    <subfield code="c">NLR01</subfield>
    <subfield code="e">RF3</subfield>
    <subfield code="f">450102</subfield>
    <subfield code="k">2003-4/5153</subfield>
    <subfield code="o">0</subfield>
    <subfield code="r">BOOK</subfield>
    <subfield code="s">200345153_</subfield>
  </datafield>
  <datafield tag="995" ind1=" " ind2=" ">
    <subfield code="5">2008-02-29</subfield>
    <subfield code="a">ab</subfield>
    <subfield code="b">NLR01</subfield>
    <subfield code="c">NLR01</subfield>
    <subfield code="e">RF3</subfield>
    <subfield code="f">2618052</subfield>
    <subfield code="k">2003-4/5153</subfield>
    <subfield code="o">0</subfield>
    <subfield code="r">BOOK</subfield>
    <subfield code="s">200345153_</subfield>
  </datafield>
</record>
